Introduction to Management Accounting/ (Record no. 203608)

MARC details
000 -LEADER
fixed length control field 00852nam a22002417a 4500
005 - DATE AND TIME OF LATEST TRANSACTION
control field 20240614125309.0
010 ## - LCCN (DPL NO)
LC control number ENG-140618
020 ## - INTERNATIONAL STANDARD BOOK NUMBER
Terms of availability 999.00
International Standard Book Number 9789356068957
035 ## - SYSTEM CONTROL NUMBER
System control number EN-124150
037 ## - SOURCE OF ACQUISITION
Source of stock number/acquisition DBAD
082 ## - DEWEY DECIMAL CLASSIFICATION NUMBER
Classification number 658.1591
Edition number 16
100 ## - MAIN ENTRY--PERSONAL NAME
Personal name Horngren, Charles T.
245 ## - TITLE STATEMENT
Title Introduction to Management Accounting/
Statement of responsibility, etc By Charles T. Horngren...[et.al]
250 ## - EDITION STATEMENT
Edition statement 16
260 ## - PUBLICATION, DISTRIBUTION, ETC. (IMPRINT)
Place of publication, distribution, etc Noida
Name of publisher, distributor, etc Pearson India Education Pvt Ltd
Date of publication, distribution, etc 2024
270 ## - ADDRESS
Address 1st Floor, Berger Tower, Plot No. C-001/2, Sector 16B
City Noida
Postal code 201301
Electronic mail address companysecretary.india@pearson.com
300 ## - PHYSICAL DESCRIPTION
Extent 877p.
Dimensions 25cm(pbk)
700 ## - ADDED ENTRY--PERSONAL NAME
Personal name Sundem, Gary L
Relator term Author
9 (RLIN) 67521
700 ## - ADDED ENTRY--PERSONAL NAME
Personal name Schatzberg, Jeff O
Relator term Author
9 (RLIN) 67522
700 ## - ADDED ENTRY--PERSONAL NAME
Personal name Burgstahler, Dave
Relator term Author
9 (RLIN) 67523
700 ## - ADDED ENTRY--PERSONAL NAME
Personal name Kashiramka, Smita
Relator term Author
9 (RLIN) 67524
942 ## - ADDED ENTRY ELEMENTS (KOHA)
Source of classification or shelving scheme Dewey Decimal Classification
Item type English Books
Classification part 658.1591
Call number suffix HOR
Edition 16
Holdings
Withdrawn status Lost status Not for loan Collection code Home library Current library Date acquired Source of acquisition Cost, normal purchase price Full call number Barcode Copy number Cost, replacement price Koha item type
      Non-fiction Central Library Central Library 14/06/2024 DBAD 999.00 658.1591 HOR EN-124150 1 999.00 English Books

© Delhi Public Library
Hit Counter
free hit counter